Manual de derecho procesal / (Registro nro. 6860)
[ vista simple ]
| 000 -LEADER | |
|---|---|
| fixed length control field | 01141cam a2200301 a 4500 |
| 003 - CONTROL NUMBER IDENTIFIER | |
| control field | OSt |
| 005 - DATE AND TIME OF LATEST TRANSACTION | |
| control field | 20210309145609.0 |
| 008 - FIXED-LENGTH DATA ELEMENTS--GENERAL INFORMATION | |
| fixed length control field | 040523m19982003ck fr 001 0 spa d |
| 020 ## - INTERNATIONAL STANDARD BOOK NUMBER | |
| International Standard Book Number | 9583503010 |
| Qualifying information | V.2 |
| 020 ## - INTERNATIONAL STANDARD BOOK NUMBER | |
| International Standard Book Number | 9583502618 |
| Qualifying information | V.3 |
| 020 ## - INTERNATIONAL STANDARD BOOK NUMBER | |
| International Standard Book Number | 9583502219 |
| Qualifying information | V.4 |
| 020 ## - INTERNATIONAL STANDARD BOOK NUMBER | |
| International Standard Book Number | 9583501654 |
| Qualifying information | V.5 |
| 020 ## - INTERNATIONAL STANDARD BOOK NUMBER | |
| International Standard Book Number | 958350422X |
| Qualifying information | V.6 |
| 040 ## - CATALOGING SOURCE | |
| Original cataloging agency | CO-BoPUJ |
| Transcribing agency | CO-JMCR |
| 041 0# - LANGUAGE CODE | |
| Language code of text/sound track or separate title | spa |
| 082 04 - DEWEY DECIMAL CLASSIFICATION NUMBER | |
| Classification number | 345.7861 / |
| Item number | A997m |
| Edition number | 23 |
| 100 1# - MAIN ENTRY--PERSONAL NAME | |
| Personal name | Azula Camacho, Jaime |
| Relator term | autor |
| 9 (RLIN) | 10505 |
| 245 10 - TITLE STATEMENT | |
| Title | Manual de derecho procesal / |
| Statement of responsibility, etc. | Jaime Azula Camacho |
| 260 ## - PUBLICATION, DISTRIBUTION, ETC. | |
| Place of publication, distribution, etc. | Bogotá : |
| Name of publisher, distributor, etc. | Temis, |
| Date of publication, distribution, etc. | 2003. |
| 300 ## - PHYSICAL DESCRIPTION | |
| Extent | 6 volúmenes ; |
| Dimensions | 24 cm. |
| 500 ## - GENERAL NOTE | |
| General note | Incluye índice de materias y notas a pie de página. |
| 504 ## - BIBLIOGRAPHY, ETC. NOTE | |
| Bibliography, etc. note | Incluye referencias bibliográficas. |
| 505 2# - FORMATTED CONTENTS NOTE | |
| Miscellaneous information | V.2. |
| Title | Parte general |
| Miscellaneous information | V.3. |
| Title | Procesos de conocimiento |
| Miscellaneous information | V.4. |
| Title | Procesos ejecutivos |
| Miscellaneous information | V.5 |
| Title | Proceso de liquidación, de jurisdicción voluntaria, concursales y arbitral |
| Miscellaneous information | V.6. |
| Title | Pruebas judiciales |
| 650 24 - SUBJECT ADDED ENTRY--TOPICAL TERM | |
| Topical term or geographic name entry element | Procedimiento civil |
| Geographic subdivision | Colombia |
| 9 (RLIN) | 9133 |
| General subdivision | Aspectos jurídicos |
| 650 24 - SUBJECT ADDED ENTRY--TOPICAL TERM | |
| Topical term or geographic name entry element | Derecho procesal |
| Geographic subdivision | Colombia |
| 9 (RLIN) | 10506 |
| General subdivision | Manuales |
| 650 24 - SUBJECT ADDED ENTRY--TOPICAL TERM | |
| Topical term or geographic name entry element | Procedimiento Civil |
| 9 (RLIN) | 9109 |
| General subdivision | Manuales |
| 942 ## - ADDED ENTRY ELEMENTS (KOHA) | |
| Source of classification or shelving scheme | Dewey Decimal Classification |
| Koha item type | Books |
| Withdrawn status | Lost status | Source of classification or shelving scheme | Damaged status | Not for loan | Home library | Current library | Shelving location | Date acquired | Source of acquisition | Total Checkouts | Total Renewals | Full call number | Barcode | Date last seen | Date last checked out | Copy number | Price effective from | Koha item type |
|---|---|---|---|---|---|---|---|---|---|---|---|---|---|---|---|---|---|---|
| Dewey Decimal Classification | Biblioteca Pública José María del Castillo y Rada | Biblioteca Pública José María del Castillo y Rada | General Stacks | 04/15/2018 | Donación | 3 | 2 | 345.7861 / A997m | 201809785 | 12/09/2024 | 12/06/2024 | V.6 / Ej.1 | 04/15/2018 | Books | ||||
| Dewey Decimal Classification | Biblioteca Pública José María del Castillo y Rada | Biblioteca Pública José María del Castillo y Rada | General Stacks | 04/15/2018 | Donación | 345.7861 / A997m | 201810760 | 05/16/2024 | V.5 / Ej.1 | 04/15/2018 | Books | |||||||
| Dewey Decimal Classification | Biblioteca Pública José María del Castillo y Rada | Biblioteca Pública José María del Castillo y Rada | General Stacks | 04/15/2018 | Donación | 345.7861 / A997m | 201810741 | 05/16/2024 | V.4 / Ej.1 | 04/15/2018 | Books | |||||||
| Dewey Decimal Classification | Biblioteca Pública José María del Castillo y Rada | Biblioteca Pública José María del Castillo y Rada | General Stacks | 04/15/2018 | Donación | 345.7861 / A997m | 201810742 | 05/16/2024 | V.3 / Ej.1 | 04/15/2018 | Books | |||||||
| Dewey Decimal Classification | Biblioteca Pública José María del Castillo y Rada | Biblioteca Pública José María del Castillo y Rada | General Stacks | 04/15/2018 | Donación | 6 | 2 | 345.7861 / A997m | 201810743 | 12/12/2024 | 12/10/2024 | V.2 / Ej.1 | 04/15/2018 | Books |